<?xml version="1.0" encoding="UTF-8"?>
<collection xmlns="http://www.loc.gov/MARC21/slim">
 <record>
  <leader>     na                 </leader>
  <controlfield tag="001">INLIS000000001163443</controlfield>
  <controlfield tag="005">20231026032807</controlfield>
  <datafield tag="035" ind1=" " ind2=" ">
   <subfield code="a">0010-1023000010</subfield>
  </datafield>
  <controlfield tag="007">ta</controlfield>
  <controlfield tag="008">231026                g          0 ind  </controlfield>
  <datafield tag="020" ind1=" " ind2=" ">
   <subfield code="a">978-623-321-237-3</subfield>
  </datafield>
  <datafield tag="082" ind1=" " ind2=" ">
   <subfield code="a">959.8</subfield>
  </datafield>
  <datafield tag="084" ind1=" " ind2=" ">
   <subfield code="a">SR 959.8 ABD d</subfield>
  </datafield>
  <datafield tag="100" ind1="0" ind2=" ">
   <subfield code="a">Abdul Wahid</subfield>
   <subfield code="e">penulis</subfield>
  </datafield>
  <datafield tag="245" ind1="1" ind2=" ">
   <subfield code="a">Dunia revolusi :</subfield>
   <subfield code="b">perspektif dan dinamika lokal pada masa perang kemerdekaan indonesia, 1945-1949 /</subfield>
   <subfield code="c">Abdul Wahid, Anne van der Veer, Anne-Lot Hoek, Apriani Harahap, Erniwati, Farabi Fakih, Galuh Ambar Sasi, Gerry van Klinken, Julianto Ibrahim, Maarten van der Bent, Martijn Eickhoff, Mawardi Umar, Muhammad Yuanda Zara, Roel Frakking, Sarkawi B. Husain, Taufik Ahmad, Tri Wahyuning M. Irsyam; editor, Bambang Purwanto, Roel Frakking, Abdul Wahid, Martijn Eickhoff, Gerry van Klinken, Yulianti, Ireen Hoogenboom; penerjemah, Taufiq Hanafi</subfield>
  </datafield>
  <datafield tag="300" ind1=" " ind2=" ">
   <subfield code="a">xviii, 558 halaman :</subfield>
   <subfield code="b">ilustrasi ;</subfield>
   <subfield code="c">24 cm</subfield>
  </datafield>
  <datafield tag="650" ind1=" " ind2="4">
   <subfield code="a">Indonesia -- Sejarah -- Revolusi, 1945-1950</subfield>
  </datafield>
  <datafield tag="700" ind1="0" ind2=" ">
   <subfield code="a">Anne van der Veer</subfield>
   <subfield code="e">penulis</subfield>
  </datafield>
  <datafield tag="700" ind1="0" ind2=" ">
   <subfield code="a">Anne-Lot Hoek</subfield>
   <subfield code="e">penulis</subfield>
  </datafield>
  <datafield tag="700" ind1="0" ind2=" ">
   <subfield code="a">Apriani Harahap</subfield>
   <subfield code="e">penulis</subfield>
  </datafield>
  <datafield tag="700" ind1="0" ind2=" ">
   <subfield code="a">Erniwati</subfield>
   <subfield code="e">penulis</subfield>
  </datafield>
  <datafield tag="700" ind1="0" ind2=" ">
   <subfield code="a">Farabi Fakih</subfield>
   <subfield code="e">penulis</subfield>
  </datafield>
  <datafield tag="700" ind1="0" ind2=" ">
   <subfield code="a">Galuh Ambar Sasi</subfield>
   <subfield code="e">penulis</subfield>
  </datafield>
  <datafield tag="700" ind1="0" ind2=" ">
   <subfield code="a">Gerry van Klinken</subfield>
   <subfield code="e">penulis</subfield>
  </datafield>
  <datafield tag="700" ind1="0" ind2=" ">
   <subfield code="a">Julianto Ibrahim</subfield>
   <subfield code="e">penulis</subfield>
  </datafield>
  <datafield tag="700" ind1="0" ind2=" ">
   <subfield code="a">Maarten van der Bent</subfield>
   <subfield code="e">penulis</subfield>
  </datafield>
  <datafield tag="700" ind1="0" ind2=" ">
   <subfield code="a">Martijn Eickhoff</subfield>
   <subfield code="e">penulis</subfield>
  </datafield>
  <datafield tag="700" ind1="0" ind2=" ">
   <subfield code="a">Mawardi Umar</subfield>
   <subfield code="e">penulis</subfield>
  </datafield>
  <datafield tag="700" ind1="0" ind2=" ">
   <subfield code="a">Muhammad Yuanda Zara</subfield>
   <subfield code="e">penulis</subfield>
  </datafield>
  <datafield tag="700" ind1="0" ind2=" ">
   <subfield code="a">Roel Frakking</subfield>
   <subfield code="e">penulis</subfield>
  </datafield>
  <datafield tag="700" ind1="0" ind2=" ">
   <subfield code="a">Sarkawi B. Husain</subfield>
   <subfield code="e">penulis</subfield>
  </datafield>
  <datafield tag="700" ind1="0" ind2=" ">
   <subfield code="a">Taufik Ahmad</subfield>
   <subfield code="e">penulis</subfield>
  </datafield>
  <datafield tag="700" ind1="0" ind2=" ">
   <subfield code="a">Tri Wahyuning M. Irsyam</subfield>
   <subfield code="e">penulis</subfield>
  </datafield>
  <datafield tag="700" ind1="0" ind2=" ">
   <subfield code="a">Bambang Purwanto</subfield>
   <subfield code="e">editor</subfield>
  </datafield>
  <datafield tag="700" ind1="0" ind2=" ">
   <subfield code="a">Roel Frakking</subfield>
   <subfield code="e">editor</subfield>
  </datafield>
  <datafield tag="700" ind1="0" ind2=" ">
   <subfield code="a">Abdul Wahid</subfield>
   <subfield code="e">editor</subfield>
  </datafield>
  <datafield tag="700" ind1="0" ind2=" ">
   <subfield code="a">Martijn Eickhoff</subfield>
   <subfield code="e">editor</subfield>
  </datafield>
  <datafield tag="700" ind1="0" ind2=" ">
   <subfield code="a">Gerry van Klinken</subfield>
   <subfield code="e">editor</subfield>
  </datafield>
  <datafield tag="700" ind1="0" ind2=" ">
   <subfield code="a">Yulianti</subfield>
   <subfield code="e">editor</subfield>
  </datafield>
  <datafield tag="700" ind1="0" ind2=" ">
   <subfield code="a">Ireen Hoogenboom</subfield>
   <subfield code="e">editor</subfield>
  </datafield>
  <datafield tag="700" ind1="0" ind2=" ">
   <subfield code="a">Taufiq Hanafi</subfield>
   <subfield code="e">penerjemah</subfield>
  </datafield>
  <datafield tag="520" ind1=" " ind2=" ">
   <subfield code="a">Mempertemukan dua tradisi historiografi nasional yang telah lama terpisah, Dunia Revolusi merupakan hasil kerja sama antara peneliti Indonesia melalui proyek penelitian Proklamasi Kemerdekaan, Revolusi dan Perang di Indonesia, 1945–1949 yang diselenggarakan oleh Departemen Sejarah, Universitas Gadjah Mada dan Peneliti Belanda yang tergabung dalam Program Studi Regional (Regional Studies Project) yang dikelola KITLV (Koninklijk Instituut voor Taal, -Land en Volkenkunde), di bawah payung proyek penelitian Kemerdekaan, Dekolonisasi, Kekerasan dan Perang di Indonesia, 1945-1950 (Independence, Decolonization, Violence and War in Indonesia, 1945–1950).</subfield>
  </datafield>
  <datafield tag="264" ind1=" " ind2=" ">
   <subfield code="a">Jakarta :</subfield>
   <subfield code="b">Yayasan Pustaka Obor Indonesia,</subfield>
   <subfield code="c">2023</subfield>
  </datafield>
  <datafield tag="336" ind1=" " ind2=" ">
   <subfield code="2">rdacontent</subfield>
   <subfield code="a">teks</subfield>
  </datafield>
  <datafield tag="337" ind1=" " ind2=" ">
   <subfield code="2">rdamedia</subfield>
   <subfield code="a">tanpa perantara</subfield>
  </datafield>
  <datafield tag="338" ind1=" " ind2=" ">
   <subfield code="2">rdacarrier</subfield>
   <subfield code="a">volume</subfield>
  </datafield>
  <datafield tag="250" ind1=" " ind2=" ">
   <subfield code="a">Cetakan Pertama, September 2023</subfield>
  </datafield>
  <datafield tag="740" ind1=" " ind2=" ">
   <subfield code="a">revolutionary worlds : local perspectives and dynamics during the indonesian independence war, 1945-1949</subfield>
  </datafield>
  <datafield tag="500" ind1=" " ind2=" ">
   <subfield code="a">Indeks</subfield>
  </datafield>
  <datafield tag="990" ind1=" " ind2=" ">
   <subfield code="a">52255.65075</subfield>
  </datafield>
 </record>
</collection>
